000 00594nam a22002297a 4500
001 14473
003 BD-JhCC
005 20251207123311.0
008 251207b |||||||| |||| 00| 0 eng d
035 _a(BD-JhCC) 14473
040 _aBD-JhCC
_dBD-JhCC
041 _aeng
082 _223
_a423
_bRAH 2025
100 _aRahman Khan, Saifur
245 _aSaifur's Student Vocabulary /
_cSaifur Rahman Khan
260 _aDhaka:
_bSaifur's Publication,
_c2025
300 _a304p.;
_c21 cm.
_ePaper binding
490 _aSaifur's
650 _aVocabulary
650 _aEnglish
942 _2ddc
_cBK
999 _c14473
_d14473